| 000 | 01463cim a2200385 a 4500 | ||
|---|---|---|---|
| 001 | 16437306 | ||
| 003 | OSt | ||
| 005 | 20241108123211.0 | ||
| 007 | sd fsngnnmmned | ||
| 008 | 100827s2010 nyunnn| i | eng d | ||
| 010 | _a 2010620588 | ||
| 020 | _a9781442334311 | ||
| 020 | _a9781847378774 | ||
| 020 | _a1442334312 | ||
| 024 | 3 | _a9781442334311 | |
| 035 | _a(OCoLC)ocn471820531 | ||
| 040 |
_aBTCTA _beng _cBTCTA _dCPL _dTEF _dDLC |
||
| 042 | _alccopycat | ||
| 050 | 0 | 0 | _aSDB 95054 |
| 082 |
_a206 _bSHA 2010 |
||
| 100 | 1 |
_aSharma, Robin S. _q(Robin Shilp), _d1964- |
|
| 245 | 1 | 4 |
_aThe leader who had no title _cRobin Sharma. |
| 246 | 1 | _aModern fable on real success in business and in life | |
| 260 |
_aNew York : _bSimon & Schuster, _c2010. |
||
| 300 | _axiv, 203p | ||
| 520 | _aLeadership expert Shirma offers insights on: how to influence people; how to recognize and seize opportunities in times of change; the secrets of innovation; how to build teams and win over customers; how to gain the strength to become a leader in a given field; how to defeat stress, build an unbeatable mindset, unleash energy, and create balance. | ||
| 650 | 0 | _aLeadership. | |
| 650 | 0 | _aSuccess in business. | |
| 655 | 7 |
_aAudiobooks. _2lcgft |
|
| 700 | 1 |
_aGraham, Holter. _4nrt |
|
| 710 | 2 | _aSimon & Schuster Audio (Firm) | |
| 906 |
_a7 _bcbc _ccopycat _d2 _encip _f20 _gy-soundrec |
||
| 942 |
_2ddc _cBK |
||
| 999 |
_c4042 _d4042 |
||